| 000 | 00937nam a2200217 a 4500 | ||
|---|---|---|---|
| 001 | 5059 | ||
| 005 | 20221127091100.0 | ||
| 008 | 190929s lua a | 00100bara d | ||
| 035 | _a701 | ||
| 082 | 0 | 0 |
_a923.5531 _bح459 |
| 100 | 1 | _aحميد، محمد ابوبكر. | |
| 245 | 1 | 0 |
_aتجربة حياة القائد محمد عبدالله صادق اخر الامناء في عهد الملك عبدالعزيز / _cمحمد ابوبكر حميد. |
| 250 | _aالطبعة الاولى. | ||
| 260 |
_aالقاهرة ؛ _aبيروت : _bالدار العربية اللبنانية، _c2018. |
||
| 300 |
_a158 ص. : _bايضاحيات، صور ؛ _c24 سم. |
||
| 504 | _aيتضمن ارجاعات ببليوجرافية وكشاف. | ||
| 600 | 0 | 4 |
_aصادق، محمد عبدالله، _dت.1972. |
| 650 | 4 | _aالقادة العسكريون. | |
| 651 | 4 |
_aالسعودية _vتراجم. |
|
| 651 | 4 |
_aالسعودية _xتاريخ حديث. |
|
| 999 |
_c5057 _d5057 |
||